Дунай. Велика українська ріка (Запис № 580638)

МАРК-запис
000 -Лідер
fixed length control field 01147 a2200241 4500
001 - Контрольний номер
control field 2162214035926770
003 - Ідентифікатор контрольного номера
control field UA-OsUOA
005 - Дата та час останнього входження (трансакції)
control field 20260504123015.0
008 - Елементи даних фіксованої довжини – загальна інформація
fixed length control field 260504b un abo|| |||| 00| 0 ukr d
020 ## - Міжнародний стандартний книжковий номер (ISBN)
Міжнародний стандартний книжковий номер (ISBN) (НП) 9786177607723
040 ## - Джерело каталогізації
Агенція оригінальної каталогізації UA-OsUOA
Агенція, яка здійснювала перезапис UA-OsUOA
Агенція, яка здійснювала модифікацію UA-OsUOA
080 ## - Індекс Універсальної десяткової класифікації
Індекс Універсальної десяткової класифікації (УДК) (НП) 821.161.2:94(477)
090 ## - Локальний шифр розміщення
Класифікаційний індекс УДК 821.161.2:94(477)
Авторський знак (НП) П31
100 ## - Основне введення – ім’я особи
Ім’я особи (НП) Володимир Петрук
9 (RLIN) 25162
245 ## - Відомості про назву
Назва (НП) Дунай. Велика українська ріка
Решта назви (НП) Спогади [за 2014] та міркування [2017]
Дані про відповідальність (НП) Петрук В.
260 ## - Публікація, розповсюдження і т.п. (Вихідні дані)
Місце публікації, розповсюдження і т.п. (П) Житомир
Ім’я/ наймення видавництва, розповсюджувача і т.п. (П) Видавець Євенок О. О.
Дата публікації, розповсюдження і т.п. (П) 2018
300 ## - Фізичний опис
Обсяг 41 с.
520 ## - Резюме і т.п.
Резюме, реферат, анотація, тощо (НП) Розповідь про подорож на Дунай у пошуках місця переправи Дарія під час походу на Скіфію. Проаналізовано роль Дунаю як кордону протягом тисячоліть.
650 ## - Додаткове предметне введення – тематичний термін
Тематичний термін чи географічна назва, як елемент введення (НП) 82 Література. Літературознавство
9 (RLIN) 15
942 ## - Додаткові елементи входу (Коха)
Тип елемента Koha Книги
Source of classification or shelving scheme Universal Decimal Classification
955 ## - Код типу видання за змістом
Код типу видання за змістом (НП) Літературно-художні видання
Фонди
Стан вилучень Стан втрат Джерело класифікації або схеми стелажів Стан уражень Не для кредиту Код колекції Постійне місце розташування Поточне розміщення Дата придбання Джерело придбання Вартість, звичайна ціна покупки Інвентарний номер Усього замовленно Повний номер виклику Штрих-код Дата останнього перегляду Вартість, ціна заміни Ціна ефективна від Тип елемента Koha
    Universal Decimal Classification     Колекція Шевчука Валерія АБ - Абонемент НБ АБ - Абонемент НБ 04/05/2026 Акт №24/28.04.2026 15.00 169895   821.161.2:94(477) П31 169895 04/05/2026 15.00 04/05/2026 Книги